| 000 | 00511nam a22001817a 4500 | ||
|---|---|---|---|
| 003 | CEME | ||
| 005 | 20210628203409.0 | ||
| 008 | 210118b xxu||||| |||| 00| 0 eng d | ||
| 020 | _a1-58826-148-4 | ||
| 040 | _cceme | ||
| 082 | _a338.967 FIX | ||
| 100 |
_aPhillips, Lucie Colvin, Seck, Diery _965184 |
||
| 245 | _aFixing african economies, policy research for development | ||
| 260 |
_aLONDON _bBOUBLEDAY _c2004 |
||
| 300 | _aVIII,250P | ||
| 650 |
_aECONOMIC DEVELIOMENT-RESEARCH _965185 |
||
| 942 |
_cBK _2ddc |
||
| 999 |
_c573475 _d573475 |
||